| 000 | 00699nam a2200241Ia 4500 | ||
|---|---|---|---|
| 003 | OSt | ||
| 005 | 20220918192557.0 | ||
| 006 | a|||||r|||| 00| 0 | ||
| 007 | ta | ||
| 008 | 220917b |||||||| |||| 00| 0 eng d | ||
| 024 | _a69,140 | ||
| 037 | _cTextual | ||
| 040 |
_aARTS _cARTS _beng |
||
| 041 |
_2eng _aeng |
||
| 082 | _aR3,(Q:353), N5 | ||
| 100 |
_aTessin Timothy ed _979501 |
||
| 245 | 0 | _aPhilosophy and the grammar of religious belief | |
| 260 |
_aNew York _bSt. Martin's Press _c1995 |
||
| 300 |
_axi,397p. _ccm. |
||
| 700 |
_a Von Der Ruhr Mario ed _979502 |
||
| 942 |
_hR3,(Q:353), N5 _cTEXL _2CC |
||
| 999 |
_c195303 _d195303 |
||